Open Data Biblioteca Nacional de Portugal


República Portuguesa: Ministério da Cultura
Biblioteca Nacional de Portugal

Catálogo da BNP: acesso por Identificadores Unívocos
Registos Bibliográficos associados ao registo de autoridade

Etiqueta de registo: 00254nam 2200025 450
001 2288367
003 http://id.bnportugal.gov.pt/bib/catbnp/2288367
100 ## $a20260619d2026 k y0pory01030103ba
101 0# $aeng$dpor
102 ## $aPT
105 ## $aa m 000yy
106 ## $ar
200 1# $aSiderophore conjugates used as Trojan Horses to overcome toxic metals contamination and drug resistance - an ingenious strategy to as ingenious enemy$fMariana da Costa Almeida$gorient. Isabel Soares Pereira Resende, Maria Emília da Silva Pereira de Sousa, Paulo Manuel Rodrigues Martins da Costa
210 #9 $aPorto$c[s.n.],$d2026
215 ## $aXLIV, 302 p.$cil.$d30 cm
300 ## $aAcesso não autorizado pelo autor por um período de 120 meses
328 #1 $aTese doutoramento Ciências Farmacêuticas (Farmacêutica e Medicinal), Universidade do Porto, Faculdade de Farmácia, 2026
700 #1 $aAlmeida,$bMariana da Costa$32001110
702 #1 $aResende,$bDiana Isabel Soares Pereira$4727$31602605
702 #1 $aCosta,$bPaulo Martins da,$f1968-$4727$31361175
702 #1 $aSousa,$bMaria Emília da Silva Pereira$4727$31194277
801 #0 $aPT$bBN$gRPC
966 ## $lBN$mFGMON$x1
971 ## $cjbeatriz$d20260619

OpendataBNP@bnportugal.pt | Mais informação sobre acesso aos dados BNP